000
00323nam a22001337a 4500
008
170926b xxu||||| |||| 00| 0 eng d
020
_a
9780791520079
041
_a
eng
080
_a
37
100
_a
46
101
_a
EDU
245
_a
TAKING THE HIGH ROAD TO READING, WRITING,AND LISTENING
_c
CAPRIOLA,A
942
_2
udc
_c
BK
999
_c
29947
_d
29947